[Event "Hastings Masters op"]
[Site "Hastings"]
[Date "2024.01.02"]
[Round "6"]
[White "Boggarapu, Kritan"]
[Black "Byron, Alan M"]
[Result "1-0"]
[WhiteElo "1857"]
[BlackElo "2134"]
[PlyCount "75"]
[EventDate "2023.12.28"]
[EventType "swiss"]
[EventRounds "9"]
[EventCountry "ENG"]
[SourceTitle "CB02_2024"]
[SourceDate "2024.01.10"]
[SourceVersion "1"]
[SourceVersionDate "2024.01.10"]
[SourceQuality "1"]

1. e4 c6 2. d4 d5 3. Nc3 dxe4 4. Nxe4 Nf6 5. Nxf6+ exf6 6. Nf3 Bd6 7. Be3 0-0 8. Qd2 Be6 9. c4 b5 10. d5 cxd5 11. c5 Be7 12. Bxb5 a6 13. Be2 Nd7 14. Rc1 Ne5 15. Nd4 Qc8 16. b4 Bg4 17. f3 Be6 18. 0-0 Rd8 19. Qc3 Nc6 20. a4 f5 21. b5 axb5 22. axb5 Na5 23. c6 Nc4 24. Bxc4 dxc4 25. Nxe6 Qxe6 26. Bf2 Ra4 27. c7 Rc8 28. Rfe1 Qd7 29. Rxe7 Qxe7 30. b6 Rb4 31. Qe3 Qd7 32. Qd4 Qxd4 33. Bxd4 f6 34. Rd1 Kf7 35. Bc5 Rb5 36. Rd8 c3 37. Be3 Re5 38. Rxc8 1-0

[Event "Hastings Masters op"]
[Site "Hastings"]
[Date "2023.12.29"]
[Round "2"]
[White "Byron, Alan M"]
[Black "Ortiz Sanchez, Luis"]
[Result "1/2-1/2"]
[WhiteElo "2134"]
[BlackElo "1863"]
[PlyCount "81"]
[EventDate "2023.12.28"]
[EventType "swiss"]
[EventRounds "9"]
[EventCountry "ENG"]
[SourceTitle "CB02_2024"]
[SourceDate "2024.01.10"]
[SourceVersion "1"]
[SourceVersionDate "2024.01.10"]
[SourceQuality "1"]

1. e4 c5 2. Nf3 Nc6 3. Bb5 g6 4. Bxc6 dxc6 5. d3 Bg7 6. h3 Nf6 7. 0-0 Nd7 8. Nc3 e5 9. Be3 b6 10. Qd2 h6 11. Nh2 Nf8 12. f4 exf4 13. Bxf4 Ne6 14. Be3 Nd4 15. Rf2 Be6 16. Nd1 Qd7 17. c3 Nb5 18. a4 Nc7 19. Nf3 Rd8 20. d4 cxd4 21. Bxd4 0-0 22. a5 c5 23. Bxg7 Qxd2 24. Nxd2 Kxg7 25. axb6 axb6 26. Ra7 Rd7 27. Ne3 b5 28. Nf3 f6 29. Rd2 Rff7 30. Rb7 Rfe7 31. Rb6 Kf7 32. Rc6 Rxd2 33. Nxd2 c4 34. Rc5 Ke8 35. Nc2 Kd8 36. Nd4 Bd7 37. Kf2 Kc8 38. Nc6 Bxc6 39. Rxc6 Re6 40. Rxe6 Nxe6 41. b3 1/2-1/2

[Event "Newcastle under Lyme"]
[Site "Newcastle under Lyme"]
[Date "2023.08.11"]
[Round "4"]
[White "Byron, Alan M"]
[Black "Walton, Alan J"]
[Result "1/2-1/2"]
[WhiteElo "2155"]
[BlackElo "2063"]
[PlyCount "30"]
[EventDate "2023.08.09"]
[EventType "tourn"]
[EventRounds "9"]
[EventCountry "ENG"]
[SourceTitle "CBM 215 Extra"]
[Source "ChessBase"]
[SourceDate "2023.09.30"]
[SourceVersion "1"]
[SourceVersionDate "2023.09.30"]
[SourceQuality "1"]

1. e4 e6 2. d3 d5 3. Nd2 Nf6 4. Ngf3 Nc6 5. Be2 a5 6. c3 dxe4 7. dxe4 Bc5 8. 0-0 e5 9. Bb5 0-0 10. Qc2 Qe7 11. Nc4 Na7 12. b4 axb4 13. cxb4 Bd4 14. Nxd4 exd4 15. Na3 Nxb5 1/2-1/2

[Event "South Wales op 18th"]
[Site "Bridgend"]
[Date "2023.07.11"]
[Round "8"]
[White "Kozusek, Daniel"]
[Black "Byron, Alan M"]
[Result "1/2-1/2"]
[WhiteElo "2359"]
[BlackElo "2132"]
[PlyCount "109"]
[EventDate "2023.07.07"]
[EventType "swiss"]
[EventRounds "9"]
[EventCountry "WLS"]
[SourceTitle "CBM 215 Extra"]
[Source "ChessBase"]
[SourceDate "2023.09.30"]
[SourceVersion "1"]
[SourceVersionDate "2023.09.30"]
[SourceQuality "1"]

1. d4 Nf6 2. c4 e6 3. Nf3 d5 4. Nc3 Be7 5. Bf4 0-0 6. e3 c6 7. Qc2 a6 8. Rd1 b5 9. c5 Nbd7 10. Bd3 Re8 11. h4 h6 12. Bg3 b4 13. Na4 a5 14. Qe2 Bb7 15. b3 Qc8 16. Ne5 Ba6 17. Nxd7 Nxd7 18. e4 Bxd3 19. Rxd3 Qa6 20. e5 f6 21. f4 f5 22. h5 Rf8 23. Kd2 Rf7 24. Be1 Raf8 25. Rg1 Re8 26. g4 fxg4 27. Qxg4 Nf8 28. Rdg3 Kh8 29. Bf2 Bd8 30. Be3 Qb7 31. Qh3 Nh7 32. Qg2 Rg8 33. Rg6 Re8 34. f5 Bg5 35. fxe6 Rf5 36. Rf1 Ref8 37. Rf6 Nxf6 38. Rxf5 Ne4+ 39. Qxe4 dxe4 40. Rxf8+ Kh7 41. Bxg5 hxg5 42. Re8 Qb5 43. Rf8 Qd3+ 44. Kc1 Qe3+ 45. Kc2 Qe2+ 46. Kc1 e3 47. e7 Qd2+ 48. Kb1 Qd1+ 49. Kb2 Qxd4+ 50. Kc2 Qd2+ 51. Kb1 Qd1+ 52. Kb2 Qd2+ 53. Kb1 Qd3+ 54. Kc1 Qd2+ 55. Kb1 1/2-1/2

[Event "South Wales op 18th"]
[Site "Bridgend"]
[Date "2023.07.10"]
[Round "6"]
[White "Chatalbashev, Boris"]
[Black "Byron, Alan M"]
[Result "1-0"]
[WhiteElo "2493"]
[BlackElo "2132"]
[PlyCount "47"]
[EventDate "2023.07.07"]
[EventType "swiss"]
[EventRounds "9"]
[EventCountry "WLS"]
[SourceTitle "CBM 215 Extra"]
[Source "ChessBase"]
[SourceDate "2023.09.30"]
[SourceVersion "1"]
[SourceVersionDate "2023.09.30"]
[SourceQuality "1"]

1. d4 d5 2. c4 e6 3. Nc3 Be7 4. cxd5 exd5 5. Bf4 Nf6 6. e3 Bf5 7. Nge2 c6 8. Ng3 Bg6 9. Be2 Nbd7 10. h4 h6 11. h5 Bh7 12. Bd3 Bxd3 13. Qxd3 Nf8 14. Nf5 Ne6 15. 0-0-0 b5 16. Kb1 Qd7 17. Be5 0-0 18. f3 Ne8 19. e4 dxe4 20. Qxe4 Bf6 21. Qg4 Kh8 22. Ne4 Rg8 23. Nxh6 gxh6 24. Nxf6 1-0

[Event "South Wales op 18th"]
[Site "Bridgend"]
[Date "2023.07.09"]
[Round "4"]
[White "Byron, Alan M"]
[Black "Foster, James C"]
[Result "1-0"]
[WhiteElo "2132"]
[BlackElo "1955"]
[PlyCount "72"]
[EventDate "2023.07.07"]
[EventType "swiss"]
[EventRounds "9"]
[EventCountry "WLS"]
[SourceTitle "CBM 215 Extra"]
[Source "ChessBase"]
[SourceDate "2023.09.30"]
[SourceVersion "1"]
[SourceVersionDate "2023.09.30"]
[SourceQuality "1"]

1. e4 d5 2. exd5 Qxd5 3. Nf3 Nc6 4. Nc3 Qa5 5. h3 Bf5 6. Bb5 a6 7. Bxc6+ bxc6 8. 0-0 Be6 9. Re1 Nf6 10. Re5 Bd5 11. Qe1 e6 12. Nxd5 cxd5 13. Rxe6+ Kd8 14. Ne5 Kc8 15. Nxf7 Rg8 16. d3 Qa4 17. Re2 h6 18. b3 Qh4 19. Ne5 g5 20. Be3 Bd6 21. Nf7 Bf4 22. f3 Qh5 23. Bxf4 gxf4 24. Re7 Qxf3 25. Qe6+ Kb8 26. Qe2 Qxh3 27. Ne5 Kb7 28. Rf1 Rg3 29. Rxf4 Rag8 30. Rf2 R8g4 31. Nf3 Nh5 32. Ne1 Rh4 33. Rxc7+ Kxc7 34. Rf7+ Kc6 35. Qe8+ Kc5 36. Rc7+ Kb4 1-0

[Event "South Wales op 18th"]
[Site "Bridgend"]
[Date "2023.07.07"]
[Round "1"]
[White "Byron, Alan M"]
[Black "Thomas, Roy"]
[Result "1-0"]
[WhiteElo "2132"]
[BlackElo "1632"]
[PlyCount "51"]
[EventDate "2023.07.07"]
[EventType "swiss"]
[EventRounds "9"]
[EventCountry "WLS"]
[SourceTitle "CBM 215 Extra"]
[Source "ChessBase"]
[SourceDate "2023.09.30"]
[SourceVersion "1"]
[SourceVersionDate "2023.09.30"]
[SourceQuality "1"]

1. e4 c5 2. Nf3 d6 3. d4 cxd4 4. Nxd4 Nf6 5. Nc3 a6 6. g3 e5 7. Nb3 Bg4 8. Qd3 Be7 9. Bg2 Nc6 10. a3 Qc7 11. Bg5 Be6 12. Rd1 Rd8 13. h4 Nd7 14. Bxe7 Kxe7 15. 0-0 Nc5 16. Nxc5 dxc5 17. Nd5+ Bxd5 18. exd5 Nd4 19. c3 c4 20. Qe4 Nb3 21. d6+ Rxd6 22. Qxe5+ Kd7 23. Qxg7 Re8 24. Qxf7+ Re7 25. Bh3+ Kd8 26. Qf8+ 1-0

[Event "BCF-chT2 2223 (4NCL)"]
[Site "England"]
[Date "2023.03.18"]
[Round "7.62"]
[White "Williams, Samuel G"]
[Black "Byron, Alan M"]
[Result "1/2-1/2"]
[WhiteElo "2234"]
[BlackElo "2181"]
[PlyCount "72"]
[EventDate "2022.10.22"]
[EventType "team-tourn"]
[EventRounds "11"]
[EventCountry "ENG"]
[SourceTitle "EXT 2024"]
[Source "ChessBase"]
[SourceDate "2023.10.10"]
[SourceVersion "1"]
[SourceVersionDate "2023.10.10"]
[SourceQuality "1"]
[WhiteTeam "The Sharks II"]
[BlackTeam "The Rookies"]
[WhiteTeamCountry "ENG"]
[BlackTeamCountry "ENG"]

1. d4 Nf6 2. c4 e6 3. Nf3 d5 4. Nc3 Be7 5. Bf4 0-0 6. e3 c6 7. Qc2 Nbd7 8. h3 a6 9. Rd1 b5 10. cxd5 cxd5 11. Bd3 Bb7 12. Ne5 Rc8 13. Qb3 Nxe5 14. Bxe5 Bd6 15. Bxd6 Qxd6 16. a4 b4 17. Ne2 a5 18. 0-0 Ba6 19. Rc1 Ne4 20. Rfd1 Qb6 21. Bxa6 Qxa6 22. Qd3 Qxd3 23. Rxd3 Rc4 24. Rdd1 Rfc8 25. b3 Nc3 26. Nf4 R4c6 27. Re1 g5 28. Nd3 Ne2+ 29. Rxe2 Rxc1+ 30. Nxc1 Rxc1+ 31. Kh2 Rb1 32. Rc2 Rxb3 33. Rc8+ Kg7 34. Rc5 h5 35. Kg3 h4+ 36. Kf3 Ra3 1/2-1/2

[Event "Hastings Masters op"]
[Site "Hastings"]
[Date "2023.01.06"]
[Round "10"]
[White "Byron, Alan M"]
[Black "Marusenko, Petr"]
[Result "1/2-1/2"]
[WhiteElo "2175"]
[BlackElo "2041"]
[PlyCount "80"]
[EventDate "2022.12.28"]
[EventType "swiss"]
[EventRounds "10"]
[EventCountry "ENG"]
[SourceTitle "CBM 212 Extra"]
[Source "ChessBase"]
[SourceDate "2023.03.31"]
[SourceVersion "1"]
[SourceVersionDate "2023.03.31"]
[SourceQuality "1"]

1. e4 c6 2. Nf3 d5 3. exd5 cxd5 4. Ne5 Nc6 5. Bb5 Bd7 6. Nxd7 Qxd7 7. d4 e6 8. c3 Nf6 9. 0-0 Bd6 10. Nd2 0-0 11. Re1 Qc7 12. g3 Rab8 13. f4 Rfc8 14. a4 a6 15. Bd3 b5 16. Nf3 Na5 17. f5 exf5 18. Bxf5 Re8 19. Kg2 Rxe1 20. Nxe1 b4 21. Qc2 bxc3 22. bxc3 Ne4 23. Bxe4 dxe4 24. Ra2 Re8 25. Kf2 Nc4 26. Ng2 Re6 27. Qe2 Nb6 28. c4 Qxc4 29. Qxc4 Nxc4 30. Rc2 Nb6 31. a5 Nd7 32. Rc8+ Nf8 33. Nf4 Rh6 34. h4 f5 35. d5 Kf7 36. Ne6 Rg6 37. Nf4 Rf6 38. Nh5 Rg6 39. Nf4 Rf6 40. Nh5 Rg6 1/2-1/2

[Event "Gibraltar Masters 18th"]
[Site "Caleta"]
[Date "2020.01.26"]
[Round "6"]
[White "Gonzalez Gonzalez, Alfonso"]
[Black "Byron, Alan M"]
[Result "1/2-1/2"]
[WhiteElo "2100"]
[BlackElo "2208"]
[PlyCount "67"]
[EventDate "2020.01.21"]
[EventType "swiss"]
[EventRounds "10"]
[EventCountry "GGB"]
[SourceTitle "CBM 194 Extra"]
[Source "ChessBase"]
[SourceDate "2020.03.31"]
[SourceVersion "1"]
[SourceVersionDate "2020.03.31"]
[SourceQuality "1"]

1. d4 d5 2. Bg5 c6 3. Nd2 h6 4. Bh4 Qb6 5. e3 e6 6. Ngf3 Be7 7. Bxe7 Nxe7 8. c4 Nd7 9. Bd3 Qxb2 10. 0-0 Qa3 11. Qe2 Nf6 12. Rfb1 Qd6 13. Rb3 0-0 14. c5 Qc7 15. Ne5 Nd7 16. f4 f6 17. Ng6 Nxg6 18. Bxg6 e5 19. Rf1 b6 20. e4 bxc5 21. Qh5 cxd4 22. Rg3 exf4 23. Bh7+ Kh8 24. Rxg7 Kxg7 25. Qg6+ Kh8 26. Qxh6 Ne5 27. Qxf8+ Kxh7 28. Qxf6 Ng6 29. Nf3 Qe7 30. Ng5+ Kh6 31. Nf7+ Kh7 32. Ng5+ Kh6 33. Nf7+ Kh7 34. Ng5+ 1/2-1/2

[Event "Gibraltar Masters 18th"]
[Site "Caleta"]
[Date "2020.01.25"]
[Round "5"]
[White "Byron, Alan M"]
[Black "Paveto, Kevin"]
[Result "0-1"]
[WhiteElo "2208"]
[BlackElo "2452"]
[PlyCount "78"]
[EventDate "2020.01.21"]
[EventType "swiss"]
[EventRounds "10"]
[EventCountry "GGB"]
[SourceTitle "CBM 194 Extra"]
[Source "ChessBase"]
[SourceDate "2020.03.31"]
[SourceVersion "1"]
[SourceVersionDate "2020.03.31"]
[SourceQuality "1"]

1. e4 e5 2. Nf3 Nc6 3. Bb5 a6 4. Ba4 Nf6 5. 0-0 b5 6. Bb3 Bb7 7. Re1 Bc5 8. c3 d6 9. d4 Bb6 10. Be3 0-0 11. Nbd2 h6 12. h3 exd4 13. cxd4 Nb4 14. d5 Nd3 15. Re2 Nh5 16. Nf1 Ndf4 17. Re1 Qf6 18. Qd2 Nxh3+ 19. Kh2 N3f4 20. g3 Nxd5 21. exd5 Qxf3 22. Bxb6 cxb6 23. Re7 Bc8 24. Rae1 Nf6 25. Ne3 Ne4 26. Rxe4 Qxe4 27. Bc2 Qf3 28. Kg1 Re8 29. Qd3 g6 30. Qd4 Bh3 31. Bd1 Qe4 32. Qxb6 Qb4 33. Re2 Rac8 34. a3 Qc5 35. Qxa6 Qd4 36. Bc2 Rxe3 37. fxe3 Qg4 38. Qxb5 Qxg3+ 39. Kh1 Bg4 0-1

[Event "Gibraltar Masters 18th"]
[Site "Caleta"]
[Date "2020.01.22"]
[Round "2"]
[White "Bilguun, Sumiya"]
[Black "Byron, Alan M"]
[Result "1-0"]
[WhiteElo "2486"]
[BlackElo "2208"]
[PlyCount "49"]
[EventDate "2020.01.21"]
[EventType "swiss"]
[EventRounds "10"]
[EventCountry "GGB"]
[SourceTitle "CBM 194 Extra"]
[Source "ChessBase"]
[SourceDate "2020.03.31"]
[SourceVersion "1"]
[SourceVersionDate "2020.03.31"]
[SourceQuality "1"]

1. e4 e5 2. Nf3 Nc6 3. Bc4 Nf6 4. d3 Be7 5. 0-0 d6 6. a4 Na5 7. Ba2 c5 8. Ng5 0-0 9. f4 h6 10. Nf3 exf4 11. Bxf4 d5 12. e5 Nh7 13. Nc3 Be6 14. Ne2 Re8 15. Bg3 Ng5 16. Nf4 Nc6 17. Nxg5 Bxg5 18. Nxe6 fxe6 19. Qg4 Nd4 20. h4 Be3+ 21. Kh2 Nxc2 22. d4 cxd4 23. Qg6 Qc7 24. Bxd5 exd5 25. e6 1-0

[Event "South Wales op 16th"]
[Site "Cardiff"]
[Date "2019.07.11"]
[Round "8"]
[White "Byron, Alan M"]
[Black "Arkell, Keith C"]
[Result "0-1"]
[WhiteElo "2222"]
[BlackElo "2461"]
[PlyCount "134"]
[EventDate "2019.07.07"]
[EventType "swiss"]
[EventRounds "9"]
[EventCountry "WLS"]
[SourceTitle "CBM 191 Extra"]
[Source "ChessBase"]
[SourceDate "2019.09.30"]
[SourceVersion "1"]
[SourceVersionDate "2019.09.30"]
[SourceQuality "1"]

1. e4 g6 2. d4 Bg7 3. Nf3 c6 4. c3 d6 5. h3 Nf6 6. Bd3 0-0 7. 0-0 b6 8. Qe2 Re8 9. a4 e5 10. dxe5 dxe5 11. Na3 Nbd7 12. Nc4 Qc7 13. b4 Nh5 14. g3 Nf8 15. Kh2 h6 16. Ng1 Ne6 17. Qc2 Bb7 18. Be2 Nf6 19. Bf3 Rad8 20. Re1 Ng5 21. Bxg5 hxg5 22. Rad1 Bc8 23. Ne3 Bf8 24. Rxd8 Rxd8 25. Rd1 Re8 26. Ne2 Kg7 27. Ng4 Ng8 28. Ne3 a5 29. Qb2 Nf6 30. Kg2 Be6 31. Nc1 Qc8 32. Rh1 Rd8 33. bxa5 bxa5 34. c4 Qc7 35. Qc2 Bc5 36. Ng4 Nxg4 37. Bxg4 Bxg4 38. hxg4 Qd7 39. Nb3 Bb4 40. Qb2 f6 41. Qe2 Qd3 42. Qxd3 Rxd3 43. Rb1 Rc3 44. c5 Kf7 45. Rb2 Ke6 46. Kf1 f5 47. gxf5+ gxf5 48. exf5+ Kxf5 49. Ke2 g4 50. Rb1 Rc2+ 51. Ke3 Rc3+ 52. Ke2 Ke6 53. Kf1 Kf6 54. Ke2 e4 55. Rb2 Ke5 56. Rb1 Rc2+ 57. Ke3 Ra2 58. Rh1 Ra3 59. Rh5+ Ke6 60. Kxe4 Rxb3 61. Rh6+ Kd7 62. Rh7+ Kc8 63. Rh8+ Kb7 64. Rh7+ Ka6 65. Rc7 Bxc5 66. Rxc6+ Bb6 67. Kf4 Rb4+ 0-1

[Event "South Wales op 16th"]
[Site "Cardiff"]
[Date "2019.07.09"]
[Round "4"]
[White "Waddington, Mike P"]
[Black "Byron, Alan M"]
[Result "1-0"]
[WhiteElo "2014"]
[BlackElo "2222"]
[PlyCount "77"]
[EventDate "2019.07.07"]
[EventType "swiss"]
[EventRounds "9"]
[EventCountry "WLS"]
[SourceTitle "CBM 191 Extra"]
[Source "ChessBase"]
[SourceDate "2019.09.30"]
[SourceVersion "1"]
[SourceVersionDate "2019.09.30"]
[SourceQuality "1"]

1. Nc3 d5 2. e4 d4 3. Nce2 e5 4. Ng3 Be6 5. Nf3 f6 6. Be2 Qd7 7. 0-0 Nc6 8. Bb5 Nge7 9. d3 0-0-0 10. b4 a6 11. Ba4 b5 12. Bb3 Nxb4 13. a4 Bxb3 14. cxb3 Kb7 15. Ba3 Nc8 16. Qd2 Nc6 17. axb5 axb5 18. Bxf8 Rhxf8 19. Qa2 N6a7 20. Qa6+ Kb8 21. Rfc1 Qd6 22. Qa5 Qb6 23. Qa2 g6 24. b4 Rd6 25. Nd2 Rc6 26. Rxc6 Qxc6 27. Nb3 Qe6 28. Qa3 Rd8 29. Nc5 Qb6 30. Qb3 Qd6 31. Qa2 Qb6 32. Qf7 Qd6 33. Qa2 Qb6 34. Nf1 f5 35. Nd2 fxe4 36. Ndxe4 Qc6 37. Rc1 Ka8 38. Qa3 Qd5 39. Na6 1-0

[Event "South Wales op 16th"]
[Site "Cardiff"]
[Date "2019.07.07"]
[Round "1"]
[White "Davies, Sam"]
[Black "Byron, Alan M"]
[Result "0-1"]
[WhiteElo "1705"]
[BlackElo "2222"]
[PlyCount "67"]
[EventDate "2019.07.07"]
[EventType "swiss"]
[EventRounds "9"]
[EventCountry "WLS"]
[SourceTitle "CBM 191 Extra"]
[Source "ChessBase"]
[SourceDate "2019.09.30"]
[SourceVersion "1"]
[SourceVersionDate "2019.09.30"]
[SourceQuality "1"]

1. e4 d6 2. Nc3 Nf6 3. g3 e5 4. Bg2 Be7 5. d3 c6 6. f4 Bg4 7. Nf3 h5 8. h3 Bxf3 9. Qxf3 h4 10. g4 exf4 11. Bxf4 Nh7 12. Rf1 0-0 13. 0-0-0 Nd7 14. d4 Bg5 15. Bxg5 Qxg5+ 16. Qf4 g6 17. Qxg5 Nxg5 18. Ne2 Rfe8 19. Rf4 Re7 20. Rdf1 Rae8 21. Nc3 Ne6 22. R4f2 Nxd4 23. Rd2 Ne6 24. Rxd6 Ng5 25. Rf4 Nc5 26. Rdf6 Rd8 27. b4 Nce6 28. Rf2 Kg7 29. Rxe6 Nxe6 30. Rf3 Red7 31. Rf2 Ng5 32. Na4 Rd1+ 33. Kb2 R1d2 34. Rf1 0-1

[Event "BCF-chT3S 1819 (4NCL) Demotion pool"]
[Site "England"]
[Date "2019.04.14"]
[Round "8.73"]
[White "Byron, Alan M"]
[Black "Walker, Nicholas P"]
[Result "1-0"]
[WhiteElo "2208"]
[BlackElo "2125"]
[PlyCount "77"]
[EventDate "2019.04.14"]
[EventType "team-tourn"]
[EventRounds "11"]
[EventCountry "ENG"]
[SourceTitle "EXT 2021"]
[Source "ChessBase"]
[SourceDate "2020.10.23"]
[SourceVersion "1"]
[SourceVersionDate "2020.10.23"]
[SourceQuality "1"]
[WhiteTeam "The Rookies"]
[BlackTeam "Cambridge University II"]
[WhiteTeamCountry "ENG"]
[BlackTeamCountry "ENG"]

1. e4 e5 2. Nf3 Nc6 3. Bb5 a6 4. Ba4 d6 5. c3 Bd7 6. 0-0 g6 7. d4 Bg7 8. Bg5 Nge7 9. d5 Nb8 10. Bc2 h6 11. Be3 0-0 12. Qd2 Kh7 13. Ne1 Bb5 14. Bd3 Bxd3 15. Nxd3 f5 16. f3 fxe4 17. fxe4 Rxf1+ 18. Kxf1 Nd7 19. Nf2 Nf6 20. c4 Qd7 21. Nc3 b5 22. c5 b4 23. Ne2 Qb5 24. Rc1 Rf8 25. Kg1 a5 26. Ng3 Nd7 27. Qd3 Qa4 28. cxd6 cxd6 29. Rc7 Rc8 30. Qc4 Rxc7 31. Qxc7 Bf8 32. b3 Qb5 33. Qxd6 a4 34. Qe6 axb3 35. axb3 Ng8 36. Qc6 Qxc6 37. dxc6 Ndf6 38. c7 Ne7 39. Bc5 1-0

[Event "Jersey op"]
[Site "St Clement Bay"]
[Date "2019.04.12"]
[Round "8"]
[White "Wojciechowski, Paul"]
[Black "Byron, Alan M"]
[Result "0-1"]
[WhiteElo "1912"]
[BlackElo "2208"]
[PlyCount "126"]
[EventDate "2019.04.06"]
[EventType "swiss"]
[EventRounds "9"]
[EventCountry "GCI"]
[SourceTitle "CBM 189 Extra"]
[Source "ChessBase"]
[SourceDate "2019.06.03"]
[SourceVersion "1"]
[SourceVersionDate "2019.06.03"]
[SourceQuality "1"]

1. e4 c6 2. d4 d5 3. Nc3 dxe4 4. Nxe4 Bf5 5. Ng3 Bg6 6. Nf3 Nd7 7. h4 h6 8. h5 Bh7 9. Bd3 Bxd3 10. Qxd3 Ngf6 11. Bf4 Qa5+ 12. Bd2 Qc7 13. 0-0-0 e6 14. Ne4 0-0-0 15. Kb1 Nxe4 16. Qxe4 Nf6 17. Qe2 c5 18. dxc5 Bxc5 19. Be3 Rxd1+ 20. Rxd1 Bxe3 21. Qxe3 Rd8 22. Rxd8+ Qxd8 23. Kc1 Kb8 24. Ne5 Qc7 25. g4 Nd5 26. Qd4 f6 27. Nd3 a6 28. f4 Qc6 29. a3 Kc8 30. Kd2 Nc7 31. Qf2 Qd5 32. b3 Qd6 33. Qc5 Kd7 34. Ke2 Nb5 35. Qxd6+ Kxd6 36. a4 Nd4+ 37. Kd2 b6 38. b4 Kd5 39. a5 bxa5 40. bxa5 Nc6 41. c3 Nxa5 42. Nb4+ Ke4 43. Nxa6 Kxf4 44. Nc7 Kxg4 45. Nxe6 Kxh5 46. Nxg7+ Kg4 47. Ke2 h5 48. Ne8 f5 49. Nf6+ Kg5 50. Nd5 h4 51. Kf3 Nc4 52. Kg2 Ne5 53. Kh3 Nc4 54. Ne7 f4 55. Nd5 f3 56. Nb4 Kf4 57. Nd3+ Ke3 58. Ne1 f2 59. Nc2+ Ke2 60. Nd4+ Ke1 61. Nf3+ Ke2 62. Nh2 Ne5 63. c4 Nf3 0-1

[Event "Jersey op"]
[Site "St Clement Bay"]
[Date "2019.04.11"]
[Round "7"]
[White "Byron, Alan M"]
[Black "Le Roux, Jean Pierre"]
[Result "0-1"]
[WhiteElo "2208"]
[BlackElo "2542"]
[PlyCount "92"]
[EventDate "2019.04.06"]
[EventType "swiss"]
[EventRounds "9"]
[EventCountry "GCI"]
[SourceTitle "CBM 189 Extra"]
[Source "ChessBase"]
[SourceDate "2019.06.03"]
[SourceVersion "1"]
[SourceVersionDate "2019.06.03"]
[SourceQuality "1"]

1. e4 g6 2. d4 Bg7 3. Nf3 d6 4. Bc4 Nf6 5. Qe2 0-0 6. c3 Nc6 7. h3 d5 8. exd5 Nxd5 9. 0-0 Bf5 10. Na3 a6 11. Bxd5 Qxd5 12. Bf4 Rac8 13. Nc4 Rfe8 14. Rfe1 Bd7 15. Rad1 f6 16. Bg3 Nd8 17. b3 Nf7 18. Ne3 Qh5 19. c4 e6 20. Qc2 b6 21. Nh2 Rf8 22. Nhf1 f5 23. Bh2 Kh8 24. Ng3 Qh4 25. Ne2 g5 26. Bg3 Qh5 27. f4 Qg6 28. Kh2 Rg8 29. Rg1 Bf6 30. d5 gxf4 31. Bxf4 e5 32. Bg3 f4 33. Qxg6 Rxg6 34. Nxf4 Rxg3 35. Kxg3 exf4+ 36. Kxf4 Bg5+ 37. Kf3 Ne5+ 38. Ke4 Re8 39. Kd4 c5+ 40. dxc6 Nxc6+ 41. Kd5 Bxe3 42. Rge1 Nb4+ 43. Kd6 Bf5 44. Kc7 Re7+ 45. Kb8 Nc6+ 46. Ka8 Ra7# 0-1

[Event "Jersey op"]
[Site "St Clement Bay"]
[Date "2019.04.09"]
[Round "5"]
[White "Byron, Alan M"]
[Black "Dong, Bao Nghia"]
[Result "1/2-1/2"]
[WhiteElo "2208"]
[BlackElo "2240"]
[PlyCount "63"]
[EventDate "2019.04.06"]
[EventType "swiss"]
[EventRounds "9"]
[EventCountry "GCI"]
[SourceTitle "CBM 189 Extra"]
[Source "ChessBase"]
[SourceDate "2019.06.03"]
[SourceVersion "1"]
[SourceVersionDate "2019.06.03"]
[SourceQuality "1"]

1. e4 e6 2. d4 d5 3. Nc3 dxe4 4. Nxe4 Bd7 5. Nf3 Bc6 6. Bd3 Nd7 7. 0-0 Ngf6 8. Ng3 g6 9. b3 Bg7 10. Bb2 0-0 11. c4 b6 12. Qe2 a5 13. Rad1 Qc8 14. Ng5 Re8 15. f3 Qb7 16. a4 Rad8 17. Bc2 Qb8 18. N5e4 Bxe4 19. Bxe4 e5 20. dxe5 Nxe4 21. Nxe4 Nxe5 22. f4 Ng4 23. Bxg7 Kxg7 24. Qf3 f5 25. Qc3+ Kg8 26. Nf6+ Nxf6 27. Qxf6 c5 28. g3 Qc7 29. h4 Rd7 30. Rfe1 Qd8 31. Rxe8+ Qxe8 32. Rxd7 1/2-1/2

[Event "Jersey op"]
[Site "St Clement Bay"]
[Date "2019.04.08"]
[Round "4"]
[White "Byron, Alan M"]
[Black "Ingham, H William"]
[Result "1-0"]
[WhiteElo "2208"]
[BlackElo "1841"]
[PlyCount "143"]
[EventDate "2019.04.06"]
[EventType "swiss"]
[EventRounds "9"]
[EventCountry "GCI"]
[SourceTitle "CBM 189 Extra"]
[Source "ChessBase"]
[SourceDate "2019.06.03"]
[SourceVersion "1"]
[SourceVersionDate "2019.06.03"]
[SourceQuality "1"]

1. e4 d6 2. d4 Nf6 3. Nc3 c6 4. Nf3 Bg4 5. Be2 e6 6. h3 Bh5 7. 0-0 Be7 8. Be3 d5 9. e5 Nfd7 10. Ne1 Bxe2 11. Nxe2 c5 12. c3 Nc6 13. f4 cxd4 14. cxd4 Qb6 15. Rb1 0-0 16. g4 f6 17. Ng2 fxe5 18. fxe5 Rxf1+ 19. Kxf1 Rf8+ 20. Kg1 g5 21. Qd2 Qd8 22. Kh2 Rf7 23. Ng3 Nf8 24. Nh5 Ng6 25. Rg1 Kf8 26. h4 gxh4 27. Nhf4 Qd7 28. Nxg6+ hxg6 29. g5 Ke8 30. Nxh4 Rg7 31. Kg3 Qd8 32. Nf3 Kd7 33. Rh1 Qg8 34. Rh6 Rh7 35. Qh2 Rxh6 36. gxh6 Qh7 37. Qh3 g5 38. Qh5 Nd8 39. Bxg5 Nf7 40. Be3 Bf8 41. Ng5 Nxg5 42. Qxg5 Be7 43. Qf4 Qg6+ 44. Kf3 Qh5+ 45. Kg2 Qg6+ 46. Kf3 Qh5+ 47. Qg4 Qh1+ 48. Qg2 Qh5+ 49. Kf2 Bf8 50. Qf3 Qh2+ 51. Qg2 Qh5 52. Qf3 Qh2+ 53. Ke1 Be7 54. Qe2 Qh1+ 55. Kd2 Qe4 56. a3 Qf5 57. Qd3 Qg4 58. h7 Qh5 59. Kc2 Bf8 60. Kb1 Bg7 61. Bd2 Ke7 62. Bb4+ Kf7 63. Ka2 a6 64. Qc2 Qh3 65. Qc8 Qd3 66. Qd7+ Kg6 67. Qxe6+ Kxh7 68. Qxd5 Bxe5 69. Qh1+ Kg6 70. dxe5 Qc4+ 71. Ka1 Kf5 72. Bc3 1-0